Včelie jazero /

Hlavní autor: Storm, Theodor, 1817-1888
Jazyk: Slovenština
Vydáno: Bratislava : Smena, 1976
Vydání: 1. vyd.
Edice: Máj (Smena)
Fyzický popis: 148 s. ; 8°
Knihy
Uloženo v:
LEADER 00897nam a22002652a 4500
001 001211403
003 CZ BrMZK
005 20120510143452.0
007 ta
008 120510s1976 xo er|||||||||||slo d
040 |a ABA001  |b cze  |c ABA001  |d ABA001 
041 1 |a slo  |h ger 
100 1 |a Storm, Theodor,  |d 1817-1888  |7 jn19990008293  |4 aut 
245 1 0 |a Včelie jazero /  |c Theodor Storm ; z nemeckého originálu preložil Rudo Brtán ; ilustrovala Jitka Walterová 
250 |a 1. vyd. 
260 |a Bratislava :  |b Smena,  |c 1976 
300 |a 148 s. ;  |c 8° 
490 1 |a Máj 
550 |a Spoluvydavatel: Mladá fronta, Naše vojsko 
765 0 |t Immensee, Auf der Universität, Pole Popenspäler  |9 Slovensky 
830 0 |a Máj (Smena)  |0 s 
910 |a BOA001  |b 2-0767.855 
990 |a BK 
991 |b 201205 
996 7 |b 2619519779  |c 2-0767.855  |l MZK  |r Sklad / do 1 hodiny  |n 8  |w 001245195  |u 000010  |a 1  |e BOA001  |j MZK50  |s A